| 000 | 00771nam a2200181 a 4500 | ||
|---|---|---|---|
| 005 | 20140414131937.0 | ||
| 008 | 110124s19uu xx 00 eng d | ||
| 020 | _a9780316160193 | ||
| 050 |
_aTR _bM46 2006 |
||
| 100 | _aMeyer, Stephenie, 1973- | ||
| 245 |
_aNew Moon/ _cStephenie Meyer. |
||
| 260 |
_aNew York : _bLittle, Brown and Co., _c2006. |
||
| 500 | _a*Strictly for G7 students and above level use only. | ||
| 520 | _aWhen the Cullens, including her beloved Edward, leave Forks rather than risk revealing that they are vampires, it is almost too much for eighteen-year-old Bella to bear, but she finds solace in her friend Jacob until he is drawn into a "cult" and changes in terrible ways. | ||
| 650 | _aVampires | ||
| 650 | _aWerewolves | ||
| 999 |
_c112494 _d112494 |
||